000 00342 a2200157 4500
001 44190
020 _a8572080848
040 _cAnchieta - Aquarius
100 _aAzevedo, Ricardo
240 1 0 _aO livro das palavras
_lpor
245 1 0 _aO livro das palavras
300 _a33
362 0 _a1993
650 4 _aLiteratura juvenil
942 _cBK
999 _c44190
_d44190